| 000 | 01005nam a2200289Ia 4500 | ||
|---|---|---|---|
| 001 | Para_5600 | ||
| 003 | CHAP | ||
| 008 | 220125s2001 xx 000 0 und d | ||
| 010 | _a204067 | ||
| 040 | _cCHAP | ||
| 090 | _aPA TESIS 1571 | ||
| 100 |
_aGonzález Díaz, Julio César _948854 |
||
| 245 |
_aEvaluación de insecticidas para el control del picudo del agave Scyphophorus acupunctatus Gyll. en Tala Jalisco, México / _c por Julio César González Díaz |
||
| 260 |
_aChapingo, Méx. : _b el autor |
||
| 300 | _a58 h. | ||
| 502 | _aTesis (Ing. Agr. Esp. en Parasitología Agrícola). UACh Departamento Parasitología Agrícola | ||
| 650 | 0 |
_aAgave tequilana _xPlagas _9164537 |
|
| 650 |
_aScyphophorus acupuntactus _9164538 |
||
| 710 |
_aUACh. Departamento Parasitología Agrícola _9164025 |
||
| 901 | _aPA TESIS 1571 | ||
| 902 | _aA | ||
| 905 | _a0000002001 an 0000000000 00 | ||
| 910 | _a2001 | ||
| 942 | _cPARA | ||
| 942 |
_cPARA _d1 |
||
| 999 |
_c204067 _d204067 |
||